Normal view
MARC view
- Dr. Akbar Waheed.
Entry Personal Name
001 - CONTROL NUMBER
- control field: 19298
003 - CONTROL NUMBER IDENTIFIER
- control field: NUST
005 - DATE AND TIME OF LATEST TRANSACTION
- control field: 20190817065021.0
008 - FIXED-LENGTH DATA ELEMENTS
- fixed length control field: 190817|| aca||aabn | a|a d
040 ## - CATALOGING SOURCE
- Original cataloging agency: NUST
- Transcribing agency: NUST
100 ## - HEADING--PERSONAL NAME
- Personal name: Dr. Akbar Waheed.
670 ## - SOURCE DATA FOUND
- Source citation: Work cat.: (NUST): Nazir Nusrat, 19297, ASSOCIATION OF CYP2D6 AND ABCBI POLYMORPHISM WITH CLINICAL EFFICACY OF TAMOXIFEN IN BREAST CANCER /, 2016.
